Mzdy ako determinant pracovnej spokojnosti

Vymedzenie pojmu mzda z legislatívneho hľadiska a popis jednotlivých funkcií mzdy a rozčlenenie mzdových foriem.

Salvato in:
Dettagli Bibliografici
Autore principale: Takáčová, Amália
Natura: Capitolo di libro
Lingua:slovacco
Soggetti:
Tags: Aggiungi Tag
Nessun Tag, puoi essere il primo ad aggiungerne!!

MARC

LEADER 00000nla a2200000 4500
001 0239075
005 20240417075131.3
041 0 |a slo 
044 |a SK 
245 1 0 |a Mzdy ako determinant pracovnej spokojnosti  |c Amália Takáčová 
520 |a Vymedzenie pojmu mzda z legislatívneho hľadiska a popis jednotlivých funkcií mzdy a rozčlenenie mzdových foriem. 
610 2 0 |a mzdy 
610 2 0 |a odmeňovanie 
610 2 0 |a legislatíva 
610 2 0 |a Slovensko 
100 1 |a Takáčová, Amália